| 000 | 00515nam a2200181 a 4500 | ||
|---|---|---|---|
| 005 | 20140412111408.0 | ||
| 008 | 070705s19uu xx 00 eng d | ||
| 020 | _a0-590-45801-9 | ||
| 050 |
_aER _bMo74 1993 |
||
| 100 | _aGave, Marc | ||
| 245 |
_aMonkey see, Monkey doo / _cMarc Gave. |
||
| 260 |
_aNew York : _bScholastic, _c1993. |
||
| 440 | _aScholastic reader | ||
| 520 | _aRhyming text relates the antics of monkeys that play all day. | ||
| 650 | _aPlay - Fiction | ||
| 999 |
_c105607 _d105607 |
||